Dr. Jozef Miloslav Hurban

Bibliographic Details
Main Author: Hano, J. (Author)
Format: Article
Language:Slovak
Subjects:

MARC

LEADER 00000nab a2200000 a 4500
001 vtls000309608
003 SK-MaSNL
005 20260304221404.0
008 160215c1988 xo 0 slo
015 |a SNBRB19rr/mm-uuuuu 
035 |a CL0319729 
040 |a SNKBUCL  |b slo  |c SNKBUCL  |e AACR2 
041 0 |a slo 
044 |a xo  |c SK 
080 |a 82:929:885.4  |2 1981 
080 |a 929  |2 1981 
080 |a 885.4  |2 1981 
080 |a 929 Hurban, Jozef Miloslav  |2 1981 
100 1 |a Hano, J.  |4 aut  |9 922918 
245 1 0 |a Dr. Jozef Miloslav Hurban  |c J. Hano ; Jozef Miloslav Hurban 
600 1 7 |a Hurban, Jozef Miloslav,  |d 1817-1888  |2 snkbucl  |9 93005 
655 7 |a články z novín a časopisov  |2 snkbucl  |9 267496 
655 7 |a články z odboru literárna veda a krásna literatúra  |2 snkbucl  |9 770045 
773 0 |t Evanjelický posol spod Tatier  |g Roč. 78, č. 4 (1988), s. 41 
850 |a Slovenská národná knižnica v Martine  |a MTA001 
852 |a SNK  |b KIS3GCP 
958 |a BX 
958 |a RK 
958 |a LX 
992 |a RBX 
999 |c 3157642  |d 3159572